Samakalina Bharatada Arthikate-2: ಸಮಕಾಲೀನ ಭಾರತದ ಆರ್ಥಿಕತೆ-2: (Record no. 221754)
[ view plain ]
| 000 -LEADER | |
|---|---|
| fixed length control field | 01147nam a22002537a 4500 |
| 003 - CONTROL NUMBER IDENTIFIER | |
| control field | OSt |
| 005 - DATE AND TIME OF LATEST TRANSACTION | |
| control field | 20220308110457.0 |
| 008 - FIXED-LENGTH DATA ELEMENTS--GENERAL INFORMATION | |
| fixed length control field | 220308b ||||| |||| 00| 0 eng d |
| 020 ## - INTERNATIONAL STANDARD BOOK NUMBER | |
| International Standard Book Number | 9789355969894 |
| 040 ## - CATALOGING SOURCE | |
| Transcribing agency | Aloy |
| 041 ## - LANGUAGE CODE | |
| Language code of text/sound track or separate title | kan |
| 082 ## - DEWEY DECIMAL CLASSIFICATION NUMBER | |
| Edition number | 23 |
| Classification number | 338.954K |
| Item number | SHAS |
| 100 ## - MAIN ENTRY--PERSONAL NAME | |
| Personal name | Sharanappa: ಶರಣಪ್ಪ |
| 9 (RLIN) | 23055 |
| 110 ## - MAIN ENTRY--CORPORATE NAME | |
| Corporate name or jurisdiction name as entry element | Vijayakumar N Hebbalkar: ವಿಜಯಕುಮಾರ್ ಎನ್ ಹೆಬ್ಬಾಳ್ಕರ್ |
| 9 (RLIN) | 23056 |
| 245 ## - TITLE STATEMENT | |
| Title | Samakalina Bharatada Arthikate-2: ಸಮಕಾಲೀನ ಭಾರತದ ಆರ್ಥಿಕತೆ-2: |
| Remainder of title | Contemporarty Indian Economy-2 |
| 260 ## - PUBLICATION, DISTRIBUTION, ETC. | |
| Place of publication, distribution, etc. | Mumbai |
| Name of publisher, distributor, etc. | Himalaya Publishing House |
| Date of publication, distribution, etc. | 2022 |
| 300 ## - PHYSICAL DESCRIPTION | |
| Extent | vi,264 p. |
| Other physical details | PB |
| Dimensions | 21x14 cm. |
| 650 ## - SUBJECT ADDED ENTRY--TOPICAL TERM | |
| Topical term or geographic name entry element | Nagarikarana Mattu Adalita:ನಗರೀಕರಣ ಮತ್ತು ಆಡಳಿತ |
| 9 (RLIN) | 23050 |
| 650 ## - SUBJECT ADDED ENTRY--TOPICAL TERM | |
| Topical term or geographic name entry element | Kaigarika Niti: ಕೈಗಾರಿಕಾ ನೀತಿ |
| 9 (RLIN) | 23051 |
| 650 ## - SUBJECT ADDED ENTRY--TOPICAL TERM | |
| Topical term or geographic name entry element | Hanakasu Niti: ಹಣಕಾಸು ನೀತಿ |
| 9 (RLIN) | 23052 |
| 700 ## - ADDED ENTRY--PERSONAL NAME | |
| Personal name | SHARANAPPA: ಶರಣಪ್ಪ |
| 9 (RLIN) | 23053 |
| 710 ## - ADDED ENTRY--CORPORATE NAME | |
| Corporate name or jurisdiction name as entry element | HEBBALKAR: (Vijayakumar N): ಹೆಬ್ಬಾಳ್ಕರ್ (ವಿಜಯಕುಮಾರ್ ಎನ್) |
| 9 (RLIN) | 23054 |
| 942 ## - ADDED ENTRY ELEMENTS (KOHA) | |
| Source of classification or shelving scheme | Dewey Decimal Classification |
| Koha item type | Book |
| Withdrawn status | Lost status | Source of classification or shelving scheme | Damaged status | Not for loan | Collection code | Home library | Current library | Date acquired | Source of acquisition | Cost, normal purchase price | Total Checkouts | Full call number | Barcode | Date last seen | Cost, replacement price | Price effective from | Koha item type |
|---|---|---|---|---|---|---|---|---|---|---|---|---|---|---|---|---|---|
| Dewey Decimal Classification | Economics | St Aloysius Library | St Aloysius Library | 02/26/2022 | Biblios Book Point, Surathkal, Mangalore-575014 | 180.00 | 338.954K SHAS | 075556 | 03/08/2022 | 225.00 | 03/08/2022 | Book | |||||
| Dewey Decimal Classification | Economics | St Aloysius Library | St Aloysius Library | 02/26/2022 | Biblios Book Point, Surathkal, Mangalore-575001 | 180.00 | 338.954K SHAS | 075557 | 03/08/2022 | 225.00 | 03/08/2022 | Book |